| 000 | 004280000a22001450004500 | ||
|---|---|---|---|
| 003 | MACL | ||
| 040 | _aMACL | ||
| 090 |
_c4213 _d4212 |
||
| 100 | _aRuegg, David Seyfort | ||
| 245 |
_aBuddha Nature Mind and The Problem Of Gradualism In a Comparative Perspective _bOn The Transmission and Reception Of Buddhism In India and Tibet |
||
| 260 |
_bHeritage Publishers _c1992 |
||
| 350 | _a295 | ||
| 650 | _aReligion | ||
| 942 |
_cBOOK _k294 |
||
| 999 |
_c4179 _d4179 |
||